000 00394nam a2200109 a 4500
008 120416s9999 xx |||||||||||||| || u
050 _aTS 227 Lea
100 _aLeake, Kenneth
245 1 0 _aWelding science and metallurgy
350 _a0.00
995 _D0.00
_FCBU-MAIN LIBRARY (Kitwe)
_H1
_I2.75
_M1
_UAVAILABLE
_ZAnnex Low-Usage Collection
999 _c61585
_d61585